| 000 | 00394nam a2200145Ia 4500 | ||
|---|---|---|---|
| 008 | 231129s2003||||xx |||||||||||||| ||spa|| | ||
| 020 | _a958-33-4247-5 | ||
| 040 | _bspa | ||
| 082 | _aCo863.44 C843d | ||
| 100 | _aCote Alvarez Jorge Guillermo | ||
| 245 | 0 | _aLos delirios del narco y otros cuentos | |
| 260 | _c2003 | ||
| 264 | _as.l] | ||
| 942 |
_2ddc _cBKS |
||
| 999 |
_c19600 _d19600 |
||